000 00739cam a22002417a 4500
005 20220329141146.0
008 971010s1981 r 00010 d
010 _a63583
011 _a64555
035 _a70225
082 _a635.964
_bH6
100 0 0 _aHodgson, John G.
_955753
245 0 _aSward measurement handbook
260 _aBerkshire, England :
_bBritish Grassland Society,
_c1981
300 _a277 p.
_b: ilus.
590 _aBATCH-UPD
_b10
_c20130110
_lUCH01
_h1443
590 _aBATCH-UPD
_b10
_c20130410
_lUCH01
_h0914
590 _aBATCH-UPD
_b10
_c20130914
_lUCH01
_h0957
590 _aCONVERSION
_b10
_c20130109
_lUCH01
_h1334
650 1 4 _aCésped.
_924332
901 _aBK
949 _a635.964 H6
_bZ
_cC
_d-2468
_eC
_h895
_i70225
_si
999 _c63583
_d63583